| 000 | 00601nam a22001697a 4500 | ||
|---|---|---|---|
| 020 | _qHard Cover. | ||
| 082 | _a670.5 | ||
| 100 | _aZahid, Danyal | ||
| 245 |
_aDesign and Fabrication of Ultrasonic Transducer for Ultrasonic Assisted Machining / _cDanyal Zahid. |
||
| 260 |
_aIslamabad: _bSMME - NUST, _c2017. |
||
| 300 |
_a70 p.: ill.; _c30cm. |
||
| 650 |
_aDesign and Manufacturing Engineering MS-Thesis. _916133 |
||
| 700 |
_aDr. Mushtaq Khan _916155 |
||
| 856 | _uhttp://10.250.8.41:8080/xmlui/handle/123456789/10743 | ||
| 942 |
_2ddc _cTHE |
||
| 999 |
_c529510 _d529510 |
||